<?xml version="1.0" encoding="UTF-8"?>
<marc:record xmlns:marc="http://www.loc.gov/MARC21/slim">
   <marc:leader>00000nam a2200000 a 4500</marc:leader>
   <marc:datafield ind1="1" ind2=" " tag="100">
      <marc:subfield code="a">Jonsson, Runer</marc:subfield>
      <marc:subfield code="4">ctb</marc:subfield>
      <marc:subfield code="e">Mitwirkende/-r</marc:subfield>
   </marc:datafield>
   <marc:datafield ind1="1" ind2=" " tag="100">
      <marc:subfield code="a">Garbers, Gerhard</marc:subfield>
      <marc:subfield code="4">ctb</marc:subfield>
      <marc:subfield code="e">Mitwirkende/-r</marc:subfield>
   </marc:datafield>
   <marc:datafield ind1="1" ind2=" " tag="100">
      <marc:subfield code="a">Seibel, Antje</marc:subfield>
      <marc:subfield code="4">ctb</marc:subfield>
      <marc:subfield code="e">Mitwirkende/-r</marc:subfield>
   </marc:datafield>
   <marc:datafield ind1=" " ind2=" " tag="653">
      <marc:subfield code="a">Vorschulalter</marc:subfield>
   </marc:datafield>
   <marc:datafield ind1=" " ind2=" " tag="653">
      <marc:subfield code="a">CD</marc:subfield>
   </marc:datafield>
   <marc:datafield ind1="0" ind2="0" tag="245">
      <marc:subfield code="a">Wickie auf großer Fahrt</marc:subfield>
   </marc:datafield>
   <marc:datafield ind1="0" ind2="0" tag="245">
      <marc:subfield code="b">das Original ; ab 5 Jahren</marc:subfield>
   </marc:datafield>
   <marc:datafield ind1="0" ind2="0" tag="245">
      <marc:subfield code="c">Runer Jonsson. Gelesen von Gerhard Garbers. Texteinrichtung: Antje Seibel. Übers.: Maike Dörries</marc:subfield>
   </marc:datafield>
   <marc:datafield ind1=" " ind2="1" tag="264">
      <marc:subfield code="a">Hamburg</marc:subfield>
      <marc:subfield code="b">Oetinger Media</marc:subfield>
      <marc:subfield code="c">2007</marc:subfield>
   </marc:datafield>
   <marc:datafield ind1="1" ind2=" " tag="490">
      <marc:subfield code="a">Oetinger audio</marc:subfield>
   </marc:datafield>
   <marc:datafield ind1="1" ind2=" " tag="520">
      <marc:subfield code="a">Angaben aus der Verlagsmeldung

Wickie auf großer Fahrt (2 CD) : Autorisierte Lesefassung / von Runer Jonsson

Hier kommt Wickie! Da schlottern den Seeräubern die Knie Auf keinen Fall will Wickie mit seinem Vater und den anderen Wikingern auf große Fahrt gehen, denn die geraten jedes Mal in Schwierigkeiten. Und wirklich: Diesmal wird die ganze Mannschaft von den gefährlichen Rotaugen gefangen genommen. Da kann nur noch Wickie helfen! Der schlaue kleine Wikinger überlistet die Rotaugen, befreit seine Freunde und trickst sogar noch den schrecklichen Sven aus. Was für ein Glück, dass die Wikinger Wickie haben! Neue Originalgeschichten vom schlauesten Wikinger aller Zeiten langer Hörspaß auf 2 CDs. Mit Titelsong von RADAU!
</marc:subfield>
   </marc:datafield>
   <marc:datafield ind1=" " ind2=" " tag="020">
      <marc:subfield code="a">9783837303209</marc:subfield>
      <marc:subfield code="9">9783837303209</marc:subfield>
   </marc:datafield>
   <marc:datafield ind1=" " ind2=" " tag="020">
      <marc:subfield code="a">3837303209</marc:subfield>
      <marc:subfield code="9">3837303209</marc:subfield>
   </marc:datafield>
   <marc:datafield ind1=" " ind2=" " tag="041">
      <marc:subfield code="a">ger</marc:subfield>
   </marc:datafield>
   <marc:datafield ind1=" " ind2=" " tag="300">
      <marc:subfield code="a">2 CDs</marc:subfield>
   </marc:datafield>
</marc:record>
